000
00259nam a2200097Ia 4500
008
230907s9999||||xx |||||||||||||| ||und||
082
_a
333.7
_b
INT
245
3
_a
An integrated approach to environmental management /
300
_a
xvii, 601 pages ;
942
_c
BK
999
_c
601008
_d
601008